000 00648nam a22001937a 4500
003 0
005 20251114132759.0
008 251114b xxu||||| |||| 00| 0 eng d
020 _a971-927-060-8
050 _aPZ 7
_b.A578 D73 2003
100 _aAquino, Abi,
_eauthor.
245 _aDrama Queen :
_ba novel /
_cAbi Aquino.
260 _aMuntinlupa :
_bSummit Publishing Co. Inc.,
_c2003.
300 _a142 pages :
_c18 cm.
520 _aA contemporary novel exploring the life, challenges, and adventures of a young woman navigating family, school, and social life.
650 _aFiction.
650 _aContemporary fiction.
942 _2lcc
_cBK
999 _c368653
_d368653